000
00293 a2200157 4500
001
160587
020
_a
040
_c
Magnum
100
_a
França, Mary
240
1
0
_a
O caracol
_l
por
245
1
0
_a
O caracol
362
0
_a
1899
440
1
_a
Ática
697
_a
I/ANIMAIS
942
_c
BK
999
_c
160587
_d
160587